Normal view MARC view
  • Faiq Khalid Lodhi, Nadra Ramzan, Naeha Sharif

Entry Personal Name

Number of records used in: 1

001 - CONTROL NUMBER

  • control field: 92970

003 - CONTROL NUMBER IDENTIFIER

  • control field: NUST

005 - DATE AND TIME OF LATEST TRANSACTION

  • control field: 20220705151913.0

008 - FIXED-LENGTH DATA ELEMENTS

  • fixed length control field: 220705|| aca||aabn | a|a d

040 ## - CATALOGING SOURCE

  • Original cataloging agency: NUST
  • Transcribing agency: NUST

100 ## - HEADING--PERSONAL NAME

  • Personal name: Faiq Khalid Lodhi, Nadra Ramzan, Naeha Sharif

670 ## - SOURCE DATA FOUND

  • Source citation: Work cat.: (NUST)10575: Faiq Khalid Lodhi, Nadra Ramzan, Naeha Sharif, Design of a digital phase detector for Cross Clock domains in MPSoC [Project Report BEE-4], 2011.
© 2023 Central Library, National University of Sciences and Technology. All Rights Reserved.